| 000 | 00648nam a2200217 i 4500 | ||
|---|---|---|---|
| 001 | 96823 | ||
| 003 | ES-MaACL | ||
| 005 | 20250316204106.0 | ||
| 007 | t| | ||
| 008 | 050701s1946 zzz ||||1| spa d | ||
| 100 | 0 |
_aMann, Thomas, _d1875-1955 _976055 |
|
| 245 | 1 | 0 |
_aSeñor y perro / _cThomas Mann; [traducción del alemán por Francisco Payarols]. |
| 250 | _a[1ª ed.]. | ||
| 260 |
_a[s.l.] : _bLauro, _c1946. |
||
| 300 |
_a113 p. ; _c20 cm. |
||
| 490 | 1 | _aEl arca de papel | |
| 700 | 1 |
_aPayarols, Francisco. _989715 |
|
| 830 | 0 |
_aEl arca de papel _9183379 |
|
| 852 |
_aES-MaACL _jB-10783 _bR.22386 |
||
| 999 |
_c96823 _d96823 |
||